000 00389nam a2200169Ia 4500
001 10617
003 GE_BSU
008 181216s||||||||xx |||||||||||||| ||und||
020 _a9770013061222028
040 _cGE_BSU
245 4 _aThe Economist, july 12th-18th. 2014
245 _bvolume 412 number 8895
260 _c2014
300 _a74p.27cm.
653 _aThe Economist
942 _cCR
999 _c43868
_d43868